Aktuálne otázky fiškálnej decentralizácie v podmienkach SR diplomová práca

Gespeichert in:
Bibliographische Detailangaben
1. Verfasser: Minarčíková, Barbora
Körperschaft: Národohospodárska fakulta EU. Katedra financií
Weitere Verfasser: Šabíková, Ingrid
Format: Buch
Sprache:Slowakisch
Veröffentlicht: Bratislava 2014
Tags: Tag hinzufügen
Keine Tags, Fügen Sie das erste Tag hinzu!

MARC

LEADER 00000nbm a2200000 4500
001 0187318
005 20170201085552.8
041 0 |a slo 
044 |a SK 
245 1 0 |a Aktuálne otázky fiškálnej decentralizácie v podmienkach SR  |b diplomová práca  |c Barbora Minarčíková ; školiteľ: Ingrid Šabíková 
264 1 |a Bratislava  |c 2014 
300 |a 62 s. 
100 1 |a Minarčíková, Barbora 
700 1 |a Šabíková, Ingrid 
710 2 |a Národohospodárska fakulta EU. Katedra financií